00836pam a2200265 a 450000100040000000500170000400800410002102000180006204000230008005000230010308200140012610000220014024500640016226000330022630000460025950500060030552000880031152100180039952100180041765000270043565000340046265000200049665000220051670000320053845620230425103218.0941013r19951994nyua j 000 1 eng  a9780590241779 aDLCcDLCdDLCbeng00aPZ8.3.B64bGi 199400a813.62201 aBogart, Jo Ellen.10aGifts /cJo Ellen Bogart ; [illustrations by] Barbara Reid. aToronto :bScholasticc1994. a31 pages :bcolor illustrations :c26 cm. aH aA grandmother travels around the world and brings back gifts for her granddaughter. a490 bLexile aH bRaz-Plus 1aGrandmothersxFiction. 1aVoyages and travelsxFiction. 1aGiftsxFiction. 1aStories in rhyme.1 aReid, Barbara,d1957-eill.